000 01448cam a2200337 a 4500
001 11992594
003 OSt
005 20150602131232.0
008 000502s2001 maua b 001 0 eng
010 _a 00033702
020 _a0631204377 (pb : alk. paper)
040 _aDLC
_cDLC
_dDLC
043 _ae------
050 0 0 _aHM1033
_b.I59 2001
082 0 0 _a150 INT 2001
_221
245 0 0 _aIntroduction to social psychology :
_ba European perspective /
_cedited by Miles Hewstone and Wolfgang Stroebe.
250 _a3rd ed.
260 _aOxford, UK ;
_aMalden, Mass. :
_bBlackwell Publishers,
_c2001.
300 _axxvii, 718 p. :
_bill. ;
_c25 cm.
504 _aIncludes bibliographical references (p. [607]-682) and indexes.
650 0 _aSocial psychology.
_91818
650 0 _aSocial psychology
_zEurope.
_95141
700 1 _aHewstone, Miles.
_95142
700 1 _aStroebe, Wolfgang.
_95143
856 4 1 _3Table of contents only
_uhttp://www.loc.gov/catdir/enhancements/fy0802/00033702-t.html
856 4 2 _3Publisher description
_uhttp://www.loc.gov/catdir/enhancements/fy0802/00033702-d.html
856 4 2 _3Contributor biographical information
_uhttp://www.loc.gov/catdir/enhancements/fy0802/00033702-b.html
906 _a7
_bcbc
_corignew
_d1
_eocip
_f20
_gy-gencatlg
942 _2z
_cSLOAN
999 _c1957
_d1957